British Art Journal

Detalles Bibliográficos
Formato: Desconocido
Lenguaje:inglés
Publicado: United Kingdom : Art Journals Ltd
Materias:
Acceso en línea:Acceso restringido

MARC

LEADER 00000ny a22000003n 4500
005 20110512105036.0
008 071017c19uu9999uk jr pss 0 a0eng d
022 |a 1467-2006 
035 |a 3170 
040 |a BUS  |d vLex 
090 |c 1736  |d 1736 
245 3 0 |a British Art Journal  |h [Recurso electrn̤ico] 
246 3 4 |a The British Art Journal: the research journal of British art studies 
256 |a Servicio en ln̕ea 
260 |a United Kingdom :  |b  Art Journals Ltd 
310 |a 3 veces al aǫ 
506 1 |a Contenido solo disponible en los productos indicados  |d vLex Global  |d vLex Global (Academic Edition, excluding Law Schools)  |d vLex Global (Academic Edition, Law Schools) 
650 0 4 |a Arte  |x Publicaciones perid̤icas 
740 0 |a vLex Revista (Servicios en ln̕ea) 
843 |a Electrn̤ica. Cerrada. 
853 |8 1  |i (year)  |j (month)  |k (day) 
856 4 0 |z Acceso restringido  |u http://vlex.com/account/login_ip?fuente_id=3170  
942 |c REV